[Event "Nettetal Chessgate op"]
[Site "Nettetal"]
[Date "2004.08.13"]
[Round "7"]
[White "Wirths, Martin"]
[Black "Bieker, Peter"]
[Result "1/2-1/2"]
[WhiteElo "1073"]
[BlackElo "1070"]
[PlyCount "98"]
[EventDate "2004.08.07"]
[EventType "swiss"]
[EventRounds "9"]
[EventCountry "GER"]
[SourceTitle "EXT 2006"]
[Source "ChessBase"]
[SourceDate "2005.11.24"]
[SourceVersion "1"]
[SourceVersionDate "2005.11.24"]
[SourceQuality "1"]

1. e4 Nc6 2. Nf3 f5 3. Nc3 e5 4. d3 Bc5 5. Qe2 d6 6. g3 f4 7. gxf4 Bg4 8. h3 Nd4 9. hxg4 Nxe2 10. Bxe2 exf4 11. Bxf4 h6 12. 0-0-0 Bxf2 13. d4 Qf6 14. Nd5 Qf7 15. g5 c6 16. Ne5 dxe5 17. Bh5 g6 18. Bxg6 Qxg6 19. Nc7+ Kf7 20. Bxe5 Be3+ 21. Kb1 Bxg5 22. Bxh8 Re8 23. Rhf1+ Nf6 24. e5 Rxh8 25. d5 cxd5 26. Rxd5 Ke7 27. exf6+ Bxf6 28. Re1+ Kf7 29. Rd7+ Kg8 30. Re8+ Qxe8 31. Nxe8 Be5 32. Rxb7 Rh7 33. Rb5 Rf7 34. c4 Rf1+ 35. Kc2 Rf2+ 36. Kd3 Bxb2 37. Nd6 Ba3 38. Rb8+ Kg7 39. Rb7+ Kf8 40. Rxa7 Bxd6 41. Ra6 Bf4 42. c5 h5 43. Ke4 h4 44. Rf6+ Ke7 45. Rxf4 Rxf4+ 46. Kxf4 h3 47. c6 Kd8 48. Kg3 Kc7 49. Kxh3 Kxc6 1/2-1/2

[Event "Nettetal Chessgate op"]
[Site "Nettetal"]
[Date "2004.08.09"]
[Round "3"]
[White "Wirths, Martin"]
[Black "Thal, Ortwin"]
[Result "0-1"]
[WhiteElo "1073"]
[BlackElo "1812"]
[PlyCount "86"]
[EventDate "2004.08.07"]
[EventType "swiss"]
[EventRounds "9"]
[EventCountry "GER"]
[SourceTitle "EXT 2006"]
[Source "ChessBase"]
[SourceDate "2005.11.24"]
[SourceVersion "1"]
[SourceVersionDate "2005.11.24"]
[SourceQuality "1"]

1. e4 c5 2. Nf3 Nc6 3. d4 cxd4 4. Nxd4 Nf6 5. Nc3 d6 6. Bb5 Bd7 7. f4 Qa5 8. 0-0 Qb6 9. Be3 Ng4 10. Nd5 Qd8 11. h3 Nxe3 12. Nxe3 e6 13. f5 Qb6 14. c3 0-0-0 15. b4 Nxd4 16. Bxd7+ Rxd7 17. Qxd4 Qxd4 18. cxd4 Be7 19. fxe6 fxe6 20. Rac1+ Kd8 21. b5 Bg5 22. Rf3 Bxe3+ 23. Rxe3 Rf8 24. Rec3 Rf4 25. Rc8+ Ke7 26. R1c7 Rxe4 27. Rxd7+ Kxd7 28. Ra8 Rxd4 29. Rxa7 Kc7 30. a4 Kb8 31. b6 Rb4 32. a5 Rb2 33. a6 Rxb6 34. Rxb7+ Rxb7 35. axb7 Kxb7 36. Kf2 Kc6 37. Ke3 Kd5 38. g4 g5 39. h4 gxh4 40. Kf3 e5 41. g5 e4+ 42. Kg4 e3 43. Kxh4 e2 0-1

[Event "Nettetal Chessgate op"]
[Site "Nettetal"]
[Date "2004.08.07"]
[Round "1"]
[White "Wirths, Martin"]
[Black "Coenen, Michael"]
[Result "0-1"]
[WhiteElo "1073"]
[BlackElo "1940"]
[PlyCount "70"]
[EventDate "2004.08.07"]
[EventType "swiss"]
[EventRounds "9"]
[EventCountry "GER"]
[SourceTitle "EXT 2006"]
[Source "ChessBase"]
[SourceDate "2005.11.24"]
[SourceVersion "1"]
[SourceVersionDate "2005.11.24"]
[SourceQuality "1"]

1. e4 c5 2. Nf3 d6 3. Bc4 e6 4. Nc3 Nf6 5. d3 Nc6 6. Bg5 Be7 7. Bxf6 Bxf6 8. Qd2 a6 9. a3 b5 10. Ba2 Rb8 11. Rb1 Qa5 12. 0-0 b4 13. Nd1 0-0 14. Ne3 Rd8 15. Nc4 Qc7 16. Ne3 a5 17. Ng4 Be7 18. Rfe1 a4 19. c4 b3 20. Bxb3 Rxb3 21. d4 cxd4 22. Nxd4 Nxd4 23. Qxd4 e5 24. Qd1 Bxg4 25. Qxg4 Qxc4 26. f4 exf4 27. Qxf4 d5 28. Rf1 dxe4 29. Rbc1 Qd4+ 30. Rf2 Rxb2 31. Qxf7+ Kh8 32. Rcf1 Rxf2 33. Rxf2 Rf8 34. Qxf8+ Bxf8 35. h3 Bc5 0-1